00600 2200229 4500001002100000005001700021008004100038035002400079040001200103082001100115090001800126100002200144245004400166250001100210260002700221300002800248650002200276850001200298990002000310990002000330990002000350YOGYA-0209000007114420120219194822.0 ind  0010-020900000071144 aYOPDYOG a297.44 a297.44bSya H aSYARIFUDDIN, Amir aHukum kewarisan islamcAmir Syarifuddin aCet. 2 aJakartabPrenada Media ax, 344 hlmbilusc23 cm aHukum Waris Islam aYOPDYOG a5658-PD/A.05b1 a5657-PD/A.05b2 a5656-PD/A.05b3